000 00465nam a2200181Ia 4500
005 20250603145151.0
008 250603s9999 xx 000 0 und d
020 _a9780521758383
050 _aJF 51 .H57/
100 _aHislope, Robert
245 0 _aIntroduction to comparative politics: the state and its challenges
260 _aNew York
260 _bCambridge University Press
260 _c2020
300 _a331 p
650 _aNew York
942 _cBK
999 _c41073
_d41073